| 000 | 01422cam a2200373 i 4500 | ||
|---|---|---|---|
| 999 |
_c478596 _d478596 |
||
| 001 | 18978291 | ||
| 003 | NUST | ||
| 005 | 20180605073217.0 | ||
| 008 | 160217t20162016flua bf 001 0 eng | ||
| 010 | _a 2016003216 | ||
| 020 | _a9781482250213 (alk. paper) | ||
| 020 | _a1482250217 (alk. paper) | ||
| 038 | _aSNS Library | ||
| 040 |
_aDLC _beng _cDLC _erda _dDLC |
||
| 042 | _apcc | ||
| 050 | 0 | 0 |
_aQA643 _b.V66 2016 |
| 082 | 0 | 0 |
_a516.3520 VON 2016 _223 |
| 100 | 1 |
_aDavid H. von Seggern, _q(David Henry) _911008 |
|
| 245 | 1 | 0 |
_aCRC standard curves and surfaces with Mathematica / _cDavid H. von Seggern, University of Nevada, Reno, Nevada, USA. |
| 250 | _aThird edition. | ||
| 264 | 1 |
_aBoca Raton : _bCRC Press, Taylor & Francis, _c2016. |
|
| 300 |
_axiii, 460 pages : _billustrations ; Hb. _c26 cm. + _e1 CD-ROM (4 3/4 in.) |
||
| 336 |
_atext _2rdacontent |
||
| 337 |
_aunmediated _2rdamedia |
||
| 338 |
_avolume _2rdacarrier |
||
| 490 | 0 | _aAdvances in applied mathematics | |
| 500 | _a"A Chapman & Hall book." | ||
| 504 | _aIncludes bibliographical references and index. | ||
| 650 | 0 |
_aCurves on surfaces _vHandbooks, manuals, etc. _911009 |
|
| 650 | 0 |
_aMathematica (Computer program language) _vHandbooks, manuals, etc. _911010 |
|
| 906 |
_a7 _bcbc _corignew _d1 _eecip _f20 _gy-gencatlg |
||
| 942 |
_2ddc _cBK |
||